| 000 | 00527nam a2200205 u 4500 | ||
|---|---|---|---|
| 005 | 20210223132055.0 | ||
| 008 | 130513s2003 es r 000 0 spa d | ||
| 020 | _a8496249107 | ||
| 035 | _aUPN01000190990 | ||
| 049 | _aC | ||
| 050 | 4 |
_aN5760 _bB4.7 |
|
| 100 | 1 |
_aBeltrán Lloris, Francisco _934023 |
|
| 245 | 1 | 0 |
_aRoma / _cFrancisco Beltrán Lloris. |
| 260 |
_aMadrid : _bPromolibro, _c2003. |
||
| 300 |
_a131 p. : _bil. col. |
||
| 440 | 0 | _aArte | |
| 650 | 4 |
_aARTE ROMANO _92622 |
|
| 905 | _aLibro | ||
| 999 |
_c163093 _d163093 |
||